|
|
|
|
| LEADER |
00000nam a2200000 a 4500 |
| 001 |
vtls001361005 |
| 003 |
SK-MaSNL |
| 005 |
20260301010655.0 |
| 008 |
240509s1974 xo a 0 slo |
| 020 |
|
|
|c b.c.
|
| 035 |
|
|
|a SNK000314575
|
| 040 |
|
|
|a SNK
|b slo
|c SNK
|e AACR2
|
| 041 |
0 |
|
|a slo
|
| 044 |
|
|
|a xo
|c SK
|
| 080 |
|
|
|a 316:355(075.8)
|2 1981
|
| 100 |
1 |
|
|a Puzik, V.M.
|4 aut
|9 292858
|
| 245 |
1 |
0 |
|a Predmet a metódy konkrétnych vojenskosociologických výskumov
|c V. M. Puzik ; [preklad z ruštiny]
|
| 260 |
|
|
|a Bratislava
|b Vojenská politická akadémia Klementa Gottwalda
|c 1974
|
| 300 |
|
|
|a 200 s.
|c 29 cm
|
| 650 |
0 |
7 |
|a výskum vojensko-sociologický
|x metódy
|2 SNK
|9 292859
|
| 655 |
|
7 |
|a Textbooks (higher)
|2 SNKPHeng
|9 276436
|
| 655 |
|
7 |
|a učebnice vysokých škôl
|2 SNKPH
|9 70191
|
| 958 |
|
|
|a OND
|
| 999 |
|
|
|c 548792
|d 550722
|
| 952 |
|
|
|t P60, <04>, [BOOK], {604}
|a SNK
|b SNK
|y VYP
|7 0
|p 17A0191185
|o snkSB 60171 D1
|i snkD 689/99
|0 0
|1 0
|4 0
|d 1999-04-21
|l 0
|r 2005-01-02 00:00:00
|w 2026-02-23
|
| 952 |
|
|
|t P60, <03>, [BOOK], {603}
|a SNK
|b SNK
|y PREZ
|7 0
|p 17A0191184
|o snkSB 60171
|i snkD 688/99
|0 0
|1 0
|4 0
|d 1999-09-30
|f 1
|l 0
|r 2025-04-09 00:00:00
|w 2026-02-23
|